00679nam a2200229Ia 4500001000600000003000900006008004100015040001300056040001300069041001300082100001700095100002900112245006300141245003100204250001100235260001900246260001500265300005700280500003900337650004200376650003100418 1193IT-RoPAU130308s9999 xx 000 0 und d aIT-RoPAU cIT-RoPAU aITALIANO aBabin Pierre gCodice Aut. SPICS: 9703 aLinguaggio audio-visivo è atto ad esprimere la fede (Il) bAudiovisivo e la fede (L') a1a ed. aTORINO/LEUMANN bElle Di Ci a"24 p. (prefazione: no ; testo: 24 [pagine: 43-66])" aRischi Audiovisivo e Comunicazione aSAGGI PASTORALE COMUNICAZIONE SOCIALE eCodice materia Spics: 9311